00549nmm a2200181Ia 4500008004100000020001800041041000800059100002100067245003300088264008900121300001600210490002700226650002100253700001800274856005100292942000700343999001700350251105s9999||||xx |||||||||||||||||und|| a9788433980366 aspa aAlonso, Victoria 0aEspejo, hombro, intermitente a[Madrid, España] :bEditorial Anagrama, c[Fecha de publicación no identificada] a0 páginas aPanorama de narrativas aOther narratives a Nors, Dorthe uhttps://public.digitaliapublishing.com/a/79986 cCF c61749d61749